[Event "CRO-chT3 West"]
[Site "Croatia"]
[Date "2020.10.24"]
[Round "7.2"]
[White "Vrhovnik, Damir"]
[Black "Leskur, Jakob"]
[Result "1-0"]
[WhiteElo "2023"]
[BlackElo "1851"]
[PlyCount "53"]
[EventDate "2020.09.12"]
[EventType "team-tourn"]
[EventRounds "9"]
[EventCountry "CRO"]
[SourceTitle "EXT 2022"]
[Source "ChessBase"]
[SourceDate "2021.10.06"]
[SourceVersion "1"]
[SourceVersionDate "2021.10.06"]
[SourceQuality "1"]
[WhiteTeam "Kraljevica"]
[BlackTeam "Novi V Zrinski Frankopan"]
[WhiteTeamCountry "CRO"]
[BlackTeamCountry "CRO"]

1. Nf3 d6 2. c4 Bf5 3. g3 Nd7 4. Bg2 c6 5. Nc3 e5 6. d4 Be7 7. e4 Bg4 8. Be3 exd4 9. Qxd4 Ngf6 10. h3 Bxf3 11. Bxf3 Ne5 12. Be2 c5 13. Qd2 h6 14. 0-0-0 a6 15. f4 Nc6 16. g4 Qc7 17. g5 Nd7 18. Nd5 Qd8 19. g6 f6 20. Bg4 Nb6 21. Nxb6 Qxb6 22. Qd5 Nd8 23. e5 Qc6 24. exd6 Qxd5 25. Rxd5 Bf8 26. d7+ Ke7 27. Bxc5# 1-0

[Event "CRO-chT3 West"]
[Site "Croatia"]
[Date "2020.10.11"]
[Round "5.2"]
[White "Kruljac, Neven"]
[Black "Leskur, Jakob"]
[Result "1/2-1/2"]
[WhiteElo "1807"]
[BlackElo "1851"]
[PlyCount "80"]
[EventDate "2020.09.12"]
[EventType "team-tourn"]
[EventRounds "9"]
[EventCountry "CRO"]
[SourceTitle "EXT 2022"]
[Source "ChessBase"]
[SourceDate "2021.10.06"]
[SourceVersion "1"]
[SourceVersionDate "2021.10.06"]
[SourceQuality "1"]
[WhiteTeam "Cres"]
[BlackTeam "Novi V Zrinski Frankopan"]
[WhiteTeamCountry "CRO"]
[BlackTeamCountry "CRO"]

1. e4 e5 2. Bc4 Nf6 3. Nc3 h6 4. Nf3 Nc6 5. d3 Bb4 6. Bd2 d6 7. a3 Bc5 8. h3 a6 9. b4 Ba7 10. Nd5 Be6 11. c3 Bxd5 12. Bxd5 Nxd5 13. exd5 Ne7 14. c4 0-0 15. g4 Ng6 16. Be3 Nh4 17. Rh2 Qf6 18. Nxh4 Qxh4 19. Qf3 Bxe3 20. Qxe3 Qf6 21. h4 e4 22. d4 Qg6 23. Qf4 f5 24. g5 h5 25. 0-0-0 Qf7 26. f3 exf3 27. Qxf3 g6 28. Re2 Rfe8 29. Rde1 Rxe2 30. Qxe2 Kf8 31. Qg2 Re8 32. Rxe8+ Qxe8 33. Kd2 Qa4 34. Qf3 Qe8 35. c5 Qe7 36. c6 b5 37. Qd3 Qe4 38. Qxe4 fxe4 39. Ke3 Ke7 40. Kxe4 Kd8 1/2-1/2